00624nam a22001457a 4500003000400000005001700004008004100021040001400062100008000076245014700156260001000303300002800313500011000341504002700451OSt20171010095535.0121015t xxu||||| |||| 00| 0 eng d aMMSUcULS aMamaril, Modesto G. Jr., Jandoc, Nino Antonio C., Calaycay, John Miguel R.  aDesign, fabrication, testing and evaluation of an air flow apparatuscModesto G. Mamaril Jr., Nino Antonio C. Jandoc, John Miguel R. Calaycay  c2008  aix, 67 leaves c28 cm.  aThesis (BS Mechanical Engineering) -- Mariano Marcos State University-College of Engineering, Batac City  aBibliography: leaf 24